[Event "POL-chT3 Pomorskie"]
[Site "Poland"]
[Date "2007.04.29"]
[Round "?"]
[White "Biskup, Izabela"]
[Black "Grotha, Magdalena"]
[Result "1-0"]
[WhiteElo "1800"]
[BlackElo "1000"]
[PlyCount "83"]
[EventDate "2007.03.25"]
[EventType "team-tourn"]
[EventRounds "10"]
[EventCountry "POL"]
[SourceTitle "EXT 2019"]
[Source "ChessBase"]
[SourceDate "2018.10.10"]
[SourceVersion "1"]
[SourceVersionDate "2018.10.10"]
[SourceQuality "1"]

1. b4 d5 2. Bb2 Nc6 3. b5 Ne5 4. f4 Nc4 5. Bd4 Bf5 6. e3 e6 7. a4 c5 8. bxc6 bxc6 9. Bxc4 dxc4 10. Nf3 Nf6 11. 0-0 Bd6 12. h3 c5 13. Bxf6 Qxf6 14. c3 0-0 15. Na3 Bd3 16. Rf2 Qg6 17. Nb5 Be7 18. Ne5 Qf5 19. Nxd3 Qxd3 20. Kh2 Rab8 21. Ra2 a6 22. Na3 Bh4 23. g3 Bf6 24. Qe2 Qxe2 25. Rxe2 e5 26. Nxc4 exf4 27. gxf4 Rb1 28. Nd6 Rd8 29. Ne4 Bh4 30. Nxc5 Rd6 31. Rg2 Rd1 32. Rb2 g6 33. d4 Rd5 34. Nxa6 g5 35. fxg5 Bxg5 36. h4 f6 37. hxg5 fxg5 38. e4 Rd6 39. Rxg5+ Kf7 40. Rf2+ Ke7 41. Rg7+ Ke6 42. Nc5# 1-0